载入...

Standard Manual of the Kashmiri Language

书目详细资料
主要作者: Grierson, George A
格式: Printed Book
出版: Delhi; Light & Life; 1973
版:1st
主题:
LEADER 00497nam a22001457a 4500
082 |a 410  |b GRI/S L3 
100 |a Grierson, George A  |9 297105 
245 |a Standard Manual of the Kashmiri Language 
250 |a 1st 
260 |a Delhi;  |b Light & Life;  |c 1973 
300 |a 211p. 
650 |a Language/ Lingustics  |9 297106 
942 |c BK 
999 |c 60929  |d 60929 
952 |0 0  |1 0  |4 0  |6 410_000000000000000_GRI_S_L3  |7 0  |8 EnglishL  |9 73206  |a MAL  |b MAL  |d 2016-09-17  |e 17034  |l 0  |o 410 GRI/S L3  |p MAL017034  |r 2016-09-17  |t 1  |w 2016-09-17  |y BK